| 000 | 00508nam a2200181 4500 | ||
|---|---|---|---|
| 001 | 139580 | ||
| 003 | ES-MaACL | ||
| 005 | 20230906195838.0 | ||
| 007 | t| | ||
| 008 | 070214s1970 sp r ||||1| spa d | ||
| 100 | 1 |
_aSauvy, Alfred. _9104042 |
|
| 245 | 1 | 3 |
_aLa opinión pública / _cAlfred Sauvy ; traducción de Ricardo Mazo. |
| 250 | _a1ª. ed. | ||
| 260 |
_aBarcelona : _bOikos-Tau, _c1970. |
||
| 300 |
_a127 p. ; _c18 cm. |
||
| 700 | 1 |
_aMazo, Ricardo. _979483 |
|
| 852 |
_aES-MaACL _jC-44409 _bR.75825 |
||
| 999 |
_c139580 _d139580 |
||